Y volvieron lxs fantasmas… / (Record no. 4656)

MARC details
000 -LEADER
campo de control de longitud fija 00474nam a2200157 4500
005 - FECHA Y HORA DE LA ÚLTIMA TRANSACCIÓN
campo de control 20260424225759.0
008 - DATOS DE LONGITUD FIJA--INFORMACIÓN GENERAL
campo de control de longitud fija -
040 ## - FUENTE DE CATALOGACIÓN
Centro catalogador/agencia de origen Biblioteca LadoV Teorética
Centro/agencia transcriptor Biblioteca LadoV Teorética
082 04 - NÚMERO DE LA CLASIFICACIÓN DECIMAL DEWEY
Número de clasificación 741.56
Número de ítem T314v
100 1# - ENTRADA PRINCIPAL--NOMBRE DE PERSONA
Nombre de persona Teo, Diego
245 12 - MENCIÓN DEL TÍTULO
Título Y volvieron lxs fantasmas… /
Mención de responsabilidad, etc. por Diego Teo
260 #1 - PUBLICACIÓN, DISTRIBUCIÓN, ETC.
Lugar de publicación, distribución, etc. México :
Nombre del editor, distribuidor, etc. Cooperativa Cráter Invertido,
Fecha de publicación, distribución, etc. 2017
300 ## - DESCRIPCIÓN FÍSICA
Extensión 50 páginas :
Otras características físicas dibujo a color ;
Dimensiones 27.5 x 19 cm.
650 #7 - PUNTO DE ACCESO ADICIONAL DE MATERIA--TÉRMINO DE MATERIA
Fuente del encabezamiento o término UNESCO
Término de materia o nombre geográfico como elemento de entrada CÓMIC
942 ## - ELEMENTOS DE ENTRADA SECUNDARIOS (KOHA)
Fuente del sistema de clasificación o colocación Clasificación Decimal Dewey
Tipo de ítem Koha Libros
Suprimir en OPAC No
Holdings
Estatus retirado Estado de pérdida Fuente del sistema de clasificación o colocación Estado de daño No para préstamo Biblioteca de origen Biblioteca actual Fecha de adquisición Total de préstamos Signatura topográfica completa Código de barras Visto por última vez Precio de reemplazo Tipo de ítem Koha
    Clasificación Decimal Dewey     Biblioteca LadoV Biblioteca LadoV 24/04/2026   T314v 741.56 00005055 24/04/2026 24/04/2026 Libros